[Event "Hilversum op"]
[Site "Hilversum"]
[Date "2023.06.25"]
[Round "6"]
[White "Mulder, Bart Piet"]
[Black "Wunnink, Michael"]
[Result "1/2-1/2"]
[WhiteElo "2123"]
[BlackElo "2263"]
[PlyCount "23"]
[EventDate "2023.06.23"]
[EventType "swiss"]
[EventRounds "6"]
[EventCountry "NED"]
[SourceTitle "CBM 214 Extra"]
[Source "ChessBase"]
[SourceDate "2023.07.31"]
[SourceVersion "1"]
[SourceVersionDate "2023.07.31"]
[SourceQuality "1"]

1. Nf3 d5 2. g3 Nd7 3. d4 Nb6 4. Bg2 Bf5 5. 0-0 e6 6. b3 c6 7. Ba3 Bxa3 8. Nxa3 h6 9. c4 Nf6 10. Ne5 0-0 11. e3 Qe7 12. c5 1/2-1/2

[Event "Hofheim Spring op 7th"]
[Site "Hofheim"]
[Date "2019.04.27"]
[Round "9"]
[White "Turov, Maxim"]
[Black "Mulder, Bart Piet"]
[Result "1-0"]
[WhiteElo "2584"]
[BlackElo "2149"]
[PlyCount "71"]
[EventDate "2019.04.23"]
[EventType "swiss"]
[EventRounds "9"]
[EventCountry "GER"]
[SourceTitle "CBM 190 Extra"]
[Source "ChessBase"]
[SourceDate "2019.07.15"]
[SourceVersion "1"]
[SourceVersionDate "2019.07.15"]
[SourceQuality "1"]

1. Nf3 Nf6 2. g3 b6 3. Bg2 Bb7 4. 0-0 e6 5. c4 c5 6. Nc3 Be7 7. d4 cxd4 8. Qxd4 d6 9. Rd1 a6 10. e4 Qc7 11. b3 Nbd7 12. Bb2 0-0 13. Qe3 Rfe8 14. Nd4 Rac8 15. h3 Qb8 16. g4 g6 17. Nde2 d5 18. g5 Nh5 19. exd5 Bc5 20. Qd2 exd5 21. Nxd5 Ne5 22. Nef4 Bxd5 23. Nxd5 Rcd8 24. Re1 Nc6 25. Rxe8+ Rxe8 26. Re1 Rxe1+ 27. Qxe1 Bd4 28. Ne7+ Nxe7 29. Bxd4 Nf5 30. Qe5 Qxe5 31. Bxe5 f6 32. gxf6 Kf7 33. Bd5+ Ke8 34. b4 Kd7 35. c5 bxc5 36. bxc5 1-0

[Event "Hofheim Spring op 7th"]
[Site "Hofheim"]
[Date "2019.04.26"]
[Round "6"]
[White "Shourya, Jain"]
[Black "Mulder, Bart Piet"]
[Result "1/2-1/2"]
[WhiteElo "2068"]
[BlackElo "2149"]
[PlyCount "31"]
[EventDate "2019.04.23"]
[EventType "swiss"]
[EventRounds "9"]
[EventCountry "GER"]
[SourceTitle "CBM 190 Extra"]
[Source "ChessBase"]
[SourceDate "2019.07.15"]
[SourceVersion "1"]
[SourceVersionDate "2019.07.15"]
[SourceQuality "1"]

1. e4 g6 2. d4 c6 3. Nc3 d5 4. Nf3 Bg4 5. h3 Bxf3 6. Qxf3 e6 7. Be3 Bg7 8. 0-0-0 Ne7 9. Bd3 Nd7 10. Kb1 Nf6 11. Bg5 dxe4 12. Nxe4 Nxe4 13. Bxe4 Qd7 14. Rhe1 0-0 15. Bf6 Nd5 16. Bxd5 1/2-1/2

[Event "Charleroi op"]
[Site "Charleroi"]
[Date "2018.08.04"]
[Round "9"]
[White "Chauvon, Guillaume"]
[Black "Mulder, Bart Piet"]
[Result "1-0"]
[WhiteElo "2013"]
[BlackElo "2176"]
[PlyCount "69"]
[EventDate "2018.07.28"]
[EventType "swiss"]
[EventRounds "9"]
[EventCountry "BEL"]
[SourceTitle "CBM 185 Extra"]
[Source "ChessBase"]
[SourceDate "2018.07.29"]
[SourceVersion "1"]
[SourceVersionDate "2018.07.29"]
[SourceQuality "1"]

1. Nf3 Nf6 2. c4 c5 3. Nc3 b6 4. g3 Bb7 5. Bg2 e6 6. 0-0 Be7 7. d4 cxd4 8. Qxd4 d6 9. Rd1 a6 10. b3 Nbd7 11. e4 Qc7 12. Ba3 Nc5 13. e5 dxe5 14. Qxe5 Qc8 15. Bb2 0-0 16. Nd5 exd5 17. Qxe7 Re8 18. Qd6 dxc4 19. bxc4 Re6 20. Qd2 Nce4 21. Qb4 a5 22. Qb3 Qc5 23. Bd4 Qh5 24. Bxb6 a4 25. Qd3 Rd6 26. Bd4 Rad8 27. Qe2 h6 28. Bxf6 gxf6 29. Rxd6 Rxd6 30. Rd1 Qc5 31. Rxd6 Nxd6 32. Qe7 Bxf3 33. Bxf3 Qd4 34. Bd5 Qb6 35. Bg2 1-0

[Event "Charleroi op"]
[Site "Charleroi"]
[Date "2018.08.01"]
[Round "6"]
[White "Mulder, Bart Piet"]
[Black "Okhotnik, Vladimir"]
[Result "0-1"]
[WhiteElo "2176"]
[BlackElo "2384"]
[PlyCount "110"]
[EventDate "2018.07.28"]
[EventType "swiss"]
[EventRounds "9"]
[EventCountry "BEL"]
[SourceTitle "CBM 185 Extra"]
[Source "ChessBase"]
[SourceDate "2018.07.29"]
[SourceVersion "1"]
[SourceVersionDate "2018.07.29"]
[SourceQuality "1"]

1. d4 c5 2. e3 g6 3. g3 Bg7 4. Bg2 Nf6 5. c4 0-0 6. Nc3 d6 7. Nf3 Nc6 8. 0-0 Bf5 9. b3 Qc8 10. Bb2 Bh3 11. d5 Bxg2 12. Kxg2 Nb4 13. a3 Na6 14. Qe2 Nc7 15. e4 Ng4 16. h3 Nh6 17. Nd1 e5 18. dxe6 fxe6 19. Bxg7 Kxg7 20. Nc3 e5 21. Rad1 Nf7 22. Nd5 Ne6 23. Qd2 Rb8 24. a4 b6 25. h4 Rb7 26. Ng5 Nfxg5 27. hxg5 Rbf7 28. Nf6 Nxg5 29. Qxg5 Rxf6 30. Rxd6 Rxf2+ 31. Rxf2 Rxf2+ 32. Kg1 Qe8 33. Rxb6 Qf7 34. Rb7 Rf1+ 35. Kg2 Qxb7 36. Kxf1 Qxe4 37. Qe7+ Kh6 38. Qxc5 Qf3+ 39. Qf2 Qxb3 40. c5 Kg5 41. c6 Qc4+ 42. Qe2 Qxc6 43. Qxe5+ Kh6 44. Qe3+ g5 45. Qxa7 Qf3+ 46. Qf2 Qh1+ 47. Ke2 Qe4+ 48. Kf1 Qxa4 49. Qf6+ Kh5 50. Qf7+ Kg4 51. Qxh7 Qd1+ 52. Kf2 Qd2+ 53. Kg1 Qe1+ 54. Kg2 Qxg3+ 55. Kf1 Qh3+ 0-1

[Event "Charleroi op"]
[Site "Charleroi"]
[Date "2018.07.28"]
[Round "1"]
[White "Kolp, Theo"]
[Black "Mulder, Bart Piet"]
[Result "1/2-1/2"]
[WhiteElo "1980"]
[BlackElo "2176"]
[PlyCount "121"]
[EventDate "2018.07.28"]
[EventType "swiss"]
[EventRounds "9"]
[EventCountry "BEL"]
[SourceTitle "CBM 185 Extra"]
[Source "ChessBase"]
[SourceDate "2018.07.29"]
[SourceVersion "1"]
[SourceVersionDate "2018.07.29"]
[SourceQuality "1"]

1. Nf3 Nf6 2. d4 d5 3. Bf4 g6 4. e3 Bg7 5. Bd3 c5 6. c3 Qb6 7. b3 Nc6 8. h3 Bd7 9. Nbd2 cxd4 10. exd4 Rc8 11. 0-0 0-0 12. Re1 Rfe8 13. Rc1 a6 14. b4 Nh5 15. Bh2 Bh6 16. g4 Nf4 17. Bf1 f6 18. Qb3 e6 19. Rb1 Nd8 20. c4 dxc4 21. Nxc4 Qc6 22. g5 fxg5 23. Nfe5 Qc7 24. Nxd7 Qxd7 25. Nb6 Qc6 26. Nxc8 Qxc8 27. Bxf4 gxf4 28. d5 e5 29. d6+ Kh8 30. Qd5 Qe6 31. d7 Re7 32. Qxe6 Rxe6 33. Rbd1 e4 34. Bc4 Re7 35. Re2 f3 36. Rc2 e3 37. fxe3 Bxe3+ 38. Kf1 Bb6 39. Rc3 f2 40. a4 a5 41. b5 Kg7 42. Be2 Re4 43. Rd6 Be3 44. Bf3 Re5 45. Rc8 Bc5 46. Rd1 Bb6 47. Rc4 Re3 48. Bg2 Ra3 49. Re4 h5 50. Ke2 Ra2+ 51. Kd3 Ra3+ 52. Ke2 Ra2+ 53. Kf1 Ra3 54. Rc4 Ra2 55. Be4 Ra3 56. Kg2 Re3 57. Bd3 Re1 58. Rcc1 Re3 59. Bf1 Re4 60. Rc4 Re1 61. Rcc1 1/2-1/2

[Event "Utrecht OKU op 44th"]
[Site "Utrecht"]
[Date "2017.06.11"]
[Round "6"]
[White "Mulder, Bart Piet"]
[Black "Pruijssers, Roeland"]
[Result "0-1"]
[WhiteElo "2142"]
[BlackElo "2502"]
[PlyCount "98"]
[EventDate "2017.06.09"]
[EventType "swiss"]
[EventRounds "6"]
[EventCountry "NED"]
[SourceTitle "CBM 178 Extra"]
[Source "ChessBase"]
[SourceDate "2017.06.22"]
[SourceVersion "1"]
[SourceVersionDate "2017.06.22"]
[SourceQuality "1"]

1. Nf3 f5 2. b3 Nf6 3. Bb2 e6 4. g3 g6 5. Bg2 Bg7 6. 0-0 0-0 7. c4 a5 8. a3 Nc6 9. Qc2 d6 10. d4 Qe7 11. Nc3 e5 12. dxe5 Nxe5 13. Nd5 Nxd5 14. cxd5 Nxf3+ 15. Bxf3 f4 16. Bxg7 Qxg7 17. Rfc1 fxg3 18. hxg3 Rf7 19. Qc3 Qf8 20. Qd4 Bh3 21. Rc3 Re8 22. Rac1 Ree7 23. Re3 Rxe3 24. Qxe3 b6 25. Rc3 Qg7 26. Qe8+ Rf8 27. Qc6 Qd4 28. Rc1 Qb2 29. Qc3 Qxa3 30. g4 h5 31. gxh5 a4 32. hxg6 axb3 33. Qxc7 Bd7 34. Rd1 Qa4 35. Qxd6 b2 36. Rb1 Bf5 37. e4 Qa1 38. g7 Qxb1+ 39. Kh2 Kxg7 40. Qe7+ Rf7 41. Qe5+ Kh7 42. exf5 Qc1 43. Be4 Qh6+ 44. Kg1 Qg7+ 45. Qxg7+ Kxg7 46. Kf1 Kf6 47. Bd3 Rd7 48. Ke2 Rxd5 49. Bb1 Rc5 0-1

[Event "Amsterdam Science Park op-A"]
[Site "Amsterdam"]
[Date "2015.07.17"]
[Round "7"]
[White "Van Osch, Mees"]
[Black "Mulder, Bart Piet"]
[Result "1-0"]
[WhiteElo "2264"]
[BlackElo "2121"]
[PlyCount "77"]
[EventDate "2015.07.11"]
[EventType "swiss"]
[EventRounds "9"]
[EventCountry "NED"]
[SourceTitle "CBM 167 Extra"]
[Source "ChessBase"]
[SourceDate "2015.09.14"]
[SourceVersion "1"]
[SourceVersionDate "2015.09.14"]
[SourceQuality "1"]

1. e4 c6 2. d4 d5 3. Nc3 dxe4 4. Nxe4 Bf5 5. Ng3 Bg6 6. N1e2 e6 7. Nf4 Bd6 8. Ngh5 Bxh5 9. Nxh5 g6 10. Ng3 Nf6 11. Bh6 Nbd7 12. Bc4 Qa5+ 13. c3 0-0-0 14. 0-0 Rhg8 15. b4 Qc7 16. Bg5 Bf4 17. Bxf4 Qxf4 18. a4 h5 19. Re1 Ng4 20. Ra2 Ndf6 21. h3 h4 22. Nf1 Nh6 23. Qd2 Qxd2 24. Nxd2 g5 25. Nf3 g4 26. Nxh4 gxh3 27. g3 Rg5 28. Bf1 Nd5 29. Rc2 Nf5 30. Nxf5 exf5 31. b5 Kc7 32. c4 Nf6 33. Re7+ Kb8 34. Rxf7 h2+ 35. Kh1 Rxd4 36. Rxf6 Rd1 37. Kxh2 Rxf1 38. bxc6 bxc6 39. Rxc6 1-0

[Event "Amsterdam Science Park op-A"]
[Site "Amsterdam"]
[Date "2015.07.13"]
[Round "3"]
[White "Hachijan, Armen"]
[Black "Mulder, Bart Piet"]
[Result "1-0"]
[WhiteElo "2338"]
[BlackElo "2121"]
[PlyCount "143"]
[EventDate "2015.07.11"]
[EventType "swiss"]
[EventRounds "9"]
[EventCountry "NED"]
[SourceTitle "CBM 167 Extra"]
[Source "ChessBase"]
[SourceDate "2015.09.14"]
[SourceVersion "1"]
[SourceVersionDate "2015.09.14"]
[SourceQuality "1"]

1. Nf3 Nf6 2. g3 b5 3. Bg2 Bb7 4. 0-0 e6 5. d3 d5 6. Nbd2 Be7 7. e4 dxe4 8. dxe4 0-0 9. Qe2 c5 10. e5 Nfd7 11. Ne4 Qc7 12. Bf4 a6 13. Rfd1 Bd5 14. b3 Qb7 15. Re1 b4 16. c4 Bxe4 17. Qxe4 Qxe4 18. Rxe4 Nc6 19. Ree1 Rad8 20. Red1 Nb6 21. Be3 a5 22. Kf1 Nd7 23. Bf4 h6 24. h4 Nb6 25. Ke2 a4 26. h5 Rxd1 27. Kxd1 f6 28. Bh3 f5 29. Kc2 Ra8 30. Kb2 Rd8 31. Bf1 Nd4 32. Nxd4 Rxd4 33. Be3 Rd8 34. Bg2 Kf7 35. Rh1 Nd7 36. f4 Nb6 37. Kc2 Rd7 38. g4 fxg4 39. Be4 Ra7 40. Kb2 Rd7 41. Rg1 g3 42. Bc2 Rd8 43. Rxg3 a3+ 44. Kc1 Nd7 45. Rg4 Nb8 46. Bg6+ Kf8 47. Be4 Nd7 48. Bd2 Kf7 49. Kd1 Nb6 50. Ke2 Rd4 51. Bg6+ Kf8 52. Be3 Rd8 53. Bc2 Nd7 54. Kf3 Nb8 55. Rg6 Kf7 56. f5 exf5 57. Bxf5 Kf8 58. Bc2 Nd7 59. Ke4 Re8 60. Re6 Bg5 61. Rxe8+ Kxe8 62. Bf2 Be7 63. Kd5 Kd8 64. Bf5 Kc7 65. Bxd7 Kxd7 66. e6+ Ke8 67. Bxc5 Bf6 68. Bxb4 Bb2 69. Bd6 g5 70. hxg6 h5 71. c5 h4 72. c6 1-0

[Event "Ghent Taminco op 36th"]
[Site "Ghent"]
[Date "2013.07.23"]
[Round "7"]
[White "Mulder, Bart Piet"]
[Black "Huhndorf, Arnold"]
[Result "1/2-1/2"]
[WhiteElo "2174"]
[BlackElo "2304"]
[PlyCount "58"]
[EventDate "2013.07.20"]
[EventType "swiss"]
[EventRounds "9"]
[EventCountry "BEL"]
[SourceTitle "CBM 155 Extra"]
[Source "ChessBase"]
[SourceDate "2013.08.26"]
[SourceVersion "1"]
[SourceVersionDate "2013.08.26"]
[SourceQuality "1"]

1. Nf3 c5 2. b3 Nc6 3. Bb2 d6 4. d4 cxd4 5. Nxd4 e5 6. Nxc6 bxc6 7. g3 Be6 8. c4 Qd7 9. Qd2 Nf6 10. Nc3 Be7 11. Bg2 Rd8 12. 0-0 h5 13. h4 0-0 14. Rac1 Bh3 15. e3 Bxg2 16. Kxg2 Ng4 17. f3 Nf6 18. e4 Qe6 19. Qe2 Rd7 20. Rfd1 Bd8 21. Rd3 Bb6 22. Na4 Bc7 23. Rcd1 Rfd8 24. Qd2 Bb6 25. Nxb6 axb6 26. Qe3 c5 27. Qd2 Ne8 28. Qg5 g6 29. Rf1 Qe7 1/2-1/2

[Event "Dortmund Sparkassen op-A"]
[Site "Dortmund"]
[Date "2011.07.30"]
[Round "8"]
[White "Mulder, Bart Piet"]
[Black "Zimmermann, Dirk"]
[Result "1/2-1/2"]
[WhiteElo "2260"]
[BlackElo "2075"]
[PlyCount "103"]
[EventDate "2011.07.23"]
[EventType "swiss"]
[EventRounds "9"]
[EventCountry "GER"]
[SourceTitle "CBM 143 Extra"]
[Source "ChessBase"]
[SourceDate "2011.08.29"]
[SourceVersion "1"]
[SourceVersionDate "2011.08.29"]
[SourceQuality "1"]

1. d4 Nf6 2. Nf3 g6 3. c4 Bg7 4. g3 0-0 5. Bg2 d6 6. Nc3 Nbd7 7. e4 e5 8. 0-0 c6 9. h3 Qb6 10. c5 dxc5 11. dxe5 Ne8 12. e6 fxe6 13. Ng5 Ne5 14. f4 c4+ 15. Kh2 Nd3 16. e5 Nc7 17. Qe2 Nd5 18. Be4 Bh6 19. Qg4 Nf2 20. Qh4 Nxe4 21. Ncxe4 Bxg5 22. Nxg5 Qc7 23. Bd2 Qe7 24. Rae1 Bd7 25. g4 Rae8 26. Qg3 Qg7 27. Ne4 b5 28. Nd6 Re7 29. Qg1 a6 30. Qd4 Kh8 31. Re2 Be8 32. Be1 Rd7 33. Qe4 g5 34. f5 Nf4 35. Rd2 Qh6 36. Qf3 exf5 37. Nxf5 Qe6 38. Qe4 Rd5 39. Rxd5 cxd5 40. Qe3 Bg6 41. Nd4 Qb6 42. e6 Be4 43. Qa3 Kg8 44. Qe7 Qd8 45. Bb4 Qxe7 46. Bxe7 Re8 47. Bxg5 Nxe6 48. Nxe6 Rxe6 49. Bf6 Kf7 50. g5 Bd3 51. Rf2 Re2 52. Rxe2 1/2-1/2

[Event "Dortmund Sparkassen op-A"]
[Site "Dortmund"]
[Date "2011.07.23"]
[Round "1"]
[White "Freise, Eckhard"]
[Black "Mulder, Bart Piet"]
[Result "1-0"]
[WhiteElo "2032"]
[BlackElo "2260"]
[PlyCount "76"]
[EventDate "2011.07.23"]
[EventType "swiss"]
[EventRounds "9"]
[EventCountry "GER"]
[SourceTitle "CBM 143 Extra"]
[Source "ChessBase"]
[SourceDate "2011.08.29"]
[SourceVersion "1"]
[SourceVersionDate "2011.08.29"]
[SourceQuality "1"]

1. d4 d5 2. c4 dxc4 3. Nf3 Nf6 4. Qa4+ Nc6 5. g3 a6 6. Qxc4 Be6 7. Qd3 Nb4 8. Qd1 c5 9. Bg2 Bd5 10. dxc5 Bxf3 11. Bxf3 Qxd1+ 12. Kxd1 0-0-0+ 13. Nd2 e5 14. a3 Nbd5 15. e4 Ne7 16. Ke2 Nc6 17. Nb3 Bxc5 18. Be3 Bxe3 19. fxe3 Rd6 20. Rhd1 Rhd8 21. Rxd6 Rxd6 22. Rc1 b6 23. Nd2 Kb7 24. b4 Na7 25. a4 Nc6 26. Nc4 Re6 27. Rb1 b5 28. axb5 axb5 29. Nd2 Kb6 30. Kd3 Re7 31. Kc3 Ra7 32. Bd1 Ne8 33. Bb3 Nd6 34. Bd5 f6 35. Nb3 Re7 36. Ra1 g6 37. Nc5 g5 38. Ra6+ Kc7 1-0

[Event "Utrecht OKU op 38th"]
[Site "Utrecht"]
[Date "2011.06.05"]
[Round "5"]
[White "Pauw, Martijn"]
[Black "Mulder, Bart Piet"]
[Result "0-1"]
[WhiteElo "2068"]
[BlackElo "2257"]
[PlyCount "54"]
[EventDate "2011.06.03"]
[EventType "swiss"]
[EventRounds "6"]
[EventCountry "NED"]
[SourceTitle "CBM 142 Extra"]
[Source "ChessBase"]
[SourceDate "2011.06.27"]
[SourceVersion "1"]
[SourceVersionDate "2011.06.27"]
[SourceQuality "1"]

1. e4 c6 2. d4 d5 3. Nc3 dxe4 4. Nxe4 Bf5 5. Ng3 Bg6 6. h4 h6 7. Nf3 Nd7 8. h5 Bh7 9. Bd3 Bxd3 10. Qxd3 Qc7 11. Rh4 e6 12. Bf4 Bd6 13. Bxd6 Qxd6 14. 0-0-0 Ngf6 15. Qe2 0-0-0 16. Rd3 Qc7 17. Ra3 Kb8 18. Ne5 Rhf8 19. Rf3 a6 20. Rhf4 c5 21. Nxd7+ Rxd7 22. dxc5 Qxc5 23. Rxf6 gxf6 24. Ne4 Qxh5 25. c3 f5 26. Nc5 Rd5 27. Qe3 Qh1+ 0-1

[Event "Utrecht OKU op 38th"]
[Site "Utrecht"]
[Date "2011.06.05"]
[Round "6"]
[White "Van Dongen, Cor"]
[Black "Mulder, Bart Piet"]
[Result "1-0"]
[WhiteElo "2381"]
[BlackElo "2257"]
[PlyCount "109"]
[EventDate "2011.06.03"]
[EventType "swiss"]
[EventRounds "6"]
[EventCountry "NED"]
[SourceTitle "CBM 142 Extra"]
[Source "ChessBase"]
[SourceDate "2011.06.27"]
[SourceVersion "1"]
[SourceVersionDate "2011.06.27"]
[SourceQuality "1"]

1. c4 c5 2. g3 g6 3. Bg2 Bg7 4. Nc3 Nc6 5. a3 a5 6. Nf3 e5 7. 0-0 Nge7 8. d3 d6 9. Ne1 Be6 10. Nc2 0-0 11. Rb1 Rb8 12. Bg5 f6 13. Be3 Qd7 14. b4 axb4 15. axb4 cxb4 16. Nxb4 Nxb4 17. Rxb4 Bh3 18. Bxh3 Qxh3 19. Ba7 Ra8 20. Rxb7 Nc6 21. Be3 f5 22. f3 f4 23. Bf2 fxg3 24. Bxg3 Bh6 25. Rb2 Be3+ 26. Kh1 Nd4 27. Nd5 Nf5 28. Bf2 Bd4 29. Bxd4 Ng3+ 30. Kg1 Nxf1 31. Bxe5 dxe5 32. Qxf1 Qd7 33. Qb1 Qd8 34. Qc1 Qh4 35. Ne3 Qf4 36. Rc2 Qd4 37. Kg2 Rf4 38. Nf1 Rf7 39. Qe3 Qd6 40. c5 Qd5 41. Ng3 Qb3 42. Rc1 Qb2 43. Ne4 Ra2 44. Kf2 Kg7 45. Nc3 Ra1 46. Qxe5+ Kh6 47. Rxa1 Qxa1 48. Qe3+ Kg7 49. Nd5 Qh1 50. Qe5+ Kh6 51. c6 Qc1 52. c7 Qc5+ 53. Qe3+ Qxe3+ 54. Kxe3 Rf8 55. Nb6 1-0

[Event "La Fere op 8th"]
[Site "La Fere"]
[Date "2009.07.09"]
[Round "7"]
[White "Mulder, Bart Piet"]
[Black "Noordhoek, Henk P"]
[Result "1-0"]
[WhiteElo "2212"]
[BlackElo "2080"]
[PlyCount "55"]
[EventDate "2009.07.04"]
[EventType "swiss"]
[EventRounds "9"]
[EventCountry "FRA"]
[SourceTitle "CBM 131 Extra"]
[Source "ChessBase"]
[SourceDate "2009.09.03"]
[SourceVersion "2"]
[SourceVersionDate "2009.09.16"]
[SourceQuality "1"]

1. d4 Nf6 2. Nf3 g6 3. c4 Bg7 4. g3 0-0 5. Bg2 d5 6. cxd5 Nxd5 7. 0-0 Na6 8. e4 Nb6 9. Nc3 Bg4 10. d5 Qd7 11. Bf4 Rfd8 12. Qe2 c6 13. h3 Bxf3 14. Qxf3 Nc4 15. Qe2 cxd5 16. exd5 Rac8 17. Rac1 b5 18. b3 Nd6 19. Bxd6 Rxc3 20. Rxc3 Bxc3 21. Bxe7 Re8 22. Qd3 Be5 23. d6 Nc5 24. Qd5 Rxe7 25. dxe7 Qxe7 26. Re1 Nd7 27. f4 Bd4+ 28. Kf1 1-0

[Event "La Fere op 8th"]
[Site "La Fere"]
[Date "2009.07.04"]
[Round "1"]
[White "Pytel, Bozena"]
[Black "Mulder, Bart Piet"]
[Result "0-1"]
[WhiteElo "1957"]
[BlackElo "2212"]
[PlyCount "128"]
[EventDate "2009.07.04"]
[EventType "swiss"]
[EventRounds "9"]
[EventCountry "FRA"]
[SourceTitle "CBM 131 Extra"]
[Source "ChessBase"]
[SourceDate "2009.09.03"]
[SourceVersion "2"]
[SourceVersionDate "2009.09.16"]
[SourceQuality "1"]

1. Nf3 Nf6 2. d4 d5 3. c3 g6 4. Bg5 Bg7 5. Nbd2 0-0 6. e3 b6 7. Bd3 Bb7 8. 0-0 Ne4 9. Bf4 Nd7 10. Qe2 Re8 11. Ne5 c5 12. Bb5 Bxe5 13. dxe5 a6 14. Nxe4 dxe4 15. Ba4 b5 16. Bc2 Nf8 17. Rfd1 Qb6 18. Rd2 Rad8 19. Rad1 Ne6 20. Bg3 c4 21. b3 cxb3 22. axb3 Rxd2 23. Rxd2 Qc6 24. c4 bxc4 25. bxc4 Rc8 26. Bb3 Nc5 27. Ba2 Nd3 28. Qd1 a5 29. Bb3 Qb6 30. h3 Ba6 31. Qc2 Qb4 32. e6 Bxc4 33. exf7+ Kxf7 34. Bxc4+ Rxc4 35. Qa2 e6 36. Kh2 Nc1 37. Qb2 Qxb2 38. Rxb2 a4 39. Be5 Nd3 40. Rb7+ Ke8 41. Bd6 Rc6 42. Ba3 Nxf2 43. Ra7 Rc4 44. Kg3 Nd1 45. Kg4 Nc3 46. Rxh7 Nb5 47. Bb2 a3 48. Bf6 a2 49. Re7+ Kf8 50. Rb7 Rc5 51. Bb2 Rf5 52. Kg3 Nd6 53. Ra7 Nc4 54. Bd4 Ra5 55. Rc7 e5 56. Ba1 Nxe3 57. Rc3 Nf5+ 58. Kf2 Ke7 59. Rc1 Ke6 60. Rc2 Ra3 61. Rc6+ Kd5 62. Rb6 e3+ 63. Ke1 Nd4 64. Rb2 Kc4 0-1

[Event "Utrecht OKU op"]
[Site "Utrecht"]
[Date "2009.06.07"]
[Round "6"]
[White "Mulder, Bart Piet"]
[Black "Uildriks, Mark"]
[Result "1-0"]
[WhiteElo "2208"]
[BlackElo "2032"]
[PlyCount "111"]
[EventDate "2009.06.05"]
[EventType "swiss"]
[EventRounds "6"]
[EventCountry "NED"]
[SourceTitle "CBM 130 Extra"]
[Source "ChessBase"]
[SourceDate "2009.07.02"]
[SourceVersion "2"]
[SourceVersionDate "2009.07.15"]
[SourceQuality "1"]

1. Nf3 c5 2. g3 d5 3. Bg2 Nc6 4. d4 cxd4 5. Nxd4 e5 6. Nxc6 bxc6 7. 0-0 Be6 8. c4 Qd7 9. Qa4 Bc5 10. Nc3 Ne7 11. Rd1 Rd8 12. Bg5 f6 13. Ne4 Bd4 14. Bxf6 0-0 15. Bxe7 Qxe7 16. cxd5 cxd5 17. e3 Bxb2 18. Rab1 Rb8 19. Qc2 dxe4 20. Rxb2 Rxb2 21. Qxb2 Bg4 22. Rd5 Bf3 23. Rxe5 Qd6 24. Qb3+ Kh8 25. Rd5 Qc6 26. h3 h6 27. Bxf3 exf3 28. Qd3 Qc1+ 29. Qd1 Qb2 30. Rd2 Qb4 31. Kh2 a5 32. Rd8 Qe7 33. Rxf8+ Qxf8 34. Qd5 a4 35. e4 Kh7 36. Qd3 Qf7 37. e5+ Kh8 38. Qe3 Kg8 39. e6 Qe8 40. e7 Kf7 41. Qxf3+ Kxe7 42. Qe4+ Kf7 43. Qc4+ Kf8 44. f4 Qe3 45. Kg2 a3 46. g4 g5 47. f5 Qd2+ 48. Kf3 Qh2 49. Qc8+ Ke7 50. Qc5+ Kd8 51. f6 Qxh3+ 52. Ke4 Qh1+ 53. Kd4 Qa1+ 54. Kc4 Qc1+ 55. Kb4 Qb2+ 56. Ka4 1-0

[Event "La Fere op 7th"]
[Site "La Fere"]
[Date "2008.07.11"]
[Round "8"]
[White "Mulder, Bart Piet"]
[Black "Pavillon, Guillaume"]
[Result "1-0"]
[WhiteElo "2219"]
[BlackElo "1797"]
[PlyCount "25"]
[EventDate "2008.07.05"]
[EventType "swiss"]
[EventRounds "9"]
[EventCountry "FRA"]
[SourceTitle "CBM 125 Extra"]
[Source "ChessBase"]
[SourceDate "2008.09.01"]
[SourceVersion "1"]
[SourceVersionDate "2008.09.01"]
[SourceQuality "1"]

1. Nf3 d5 2. g3 Nf6 3. Bg2 c5 4. 0-0 Nc6 5. d4 Bf5 6. c4 e6 7. cxd5 exd5 8. Nc3 Ne4 9. Qb3 Nxc3 10. bxc3 cxd4 11. Nxd4 Be4 12. Bxe4 Nxd4 13. cxd4 1-0

[Event "La Fere op 7th"]
[Site "La Fere"]
[Date "2008.07.08"]
[Round "5"]
[White "Dumas, Victor"]
[Black "Mulder, Bart Piet"]
[Result "0-1"]
[WhiteElo "1756"]
[BlackElo "2219"]
[PlyCount "90"]
[EventDate "2008.07.05"]
[EventType "swiss"]
[EventRounds "9"]
[EventCountry "FRA"]
[SourceTitle "CBM 125 Extra"]
[Source "ChessBase"]
[SourceDate "2008.09.01"]
[SourceVersion "1"]
[SourceVersionDate "2008.09.01"]
[SourceQuality "1"]

1. e4 c6 2. d4 d5 3. Nc3 g6 4. Be3 Bg7 5. Nf3 Bg4 6. Be2 e6 7. Qd2 Ne7 8. 0-0 0-0 9. h3 Bxf3 10. Bxf3 Nd7 11. Rfe1 Nb6 12. Be2 dxe4 13. Nxe4 Nf5 14. c3 Nd5 15. Bd3 Qc7 16. Qc2 Nfxe3 17. fxe3 Rae8 18. Rad1 f5 19. Nd2 e5 20. Nf1 e4 21. Bc4 Kh8 22. Bxd5 cxd5 23. Qb3 Qf7 24. Rd2 g5 25. Rf2 f4 26. Nh2 Qd7 27. Qa3 fxe3 28. Rxf8+ Rxf8 29. Rxe3 Qf5 30. Re2 e3 31. Nf3 Qd3 32. Re1 Rxf3 33. gxf3 Qd2 34. Ra1 Qf2+ 35. Kh1 Qxf3+ 36. Kh2 Qf2+ 37. Kh1 Bf8 38. Qa4 Qf3+ 39. Kg1 Qg3+ 40. Kh1 Qxh3+ 41. Kg1 Bd6 42. Qc2 Bg3 43. Qg2 Bf2+ 44. Kf1 Qf5 45. Qh1 Be1+ 0-1

[Event "La Fere op 7th"]
[Site "La Fere"]
[Date "2008.07.06"]
[Round "3"]
[White "Gaponenko, Inna"]
[Black "Mulder, Bart Piet"]
[Result "1-0"]
[WhiteElo "2468"]
[BlackElo "2219"]
[PlyCount "103"]
[EventDate "2008.07.05"]
[EventType "swiss"]
[EventRounds "9"]
[EventCountry "FRA"]
[SourceTitle "CBM 125 Extra"]
[Source "ChessBase"]
[SourceDate "2008.09.01"]
[SourceVersion "1"]
[SourceVersionDate "2008.09.01"]
[SourceQuality "1"]

1. e4 c6 2. d4 d5 3. exd5 cxd5 4. c4 Nf6 5. Nc3 e6 6. Nf3 Be7 7. cxd5 Nxd5 8. Bd3 Nc6 9. 0-0 0-0 10. Re1 Bf6 11. Be4 Qd6 12. a3 Bd7 13. Ng5 Bxg5 14. Bxg5 Nce7 15. Qh5 Ng6 16. Qf3 Bc6 17. h4 h6 18. h5 Ngf4 19. Bxf4 Nxf4 20. Bxc6 bxc6 21. Ne4 Qc7 22. Rac1 Nd5 23. b4 Qb6 24. Nc5 Rfd8 25. Re4 a5 26. Rg4 Qc7 27. Nd3 axb4 28. Nxb4 f5 29. Rg6 Qf4 30. Qd1 Nxb4 31. axb4 Rxd4 32. Qe1 e5 33. g3 Qe4 34. Qxe4 Rxe4 35. Rcxc6 Ra1+ 36. Kg2 Ra2 37. Rc8+ Kf7 38. Rc7+ Kf8 39. Rb6 Ra8 40. Rbb7 f4 41. Rf7+ Kg8 42. Rxg7+ Kh8 43. Rh7+ Kg8 44. Rxh6 fxg3 45. Rg6+ Kh8 46. fxg3 Re2+ 47. Kf3 Raa2 48. Rc6 e4+ 49. Kg4 Ra8 50. Rcc7 Rg8+ 51. Kh3 Rg5 52. Kh4 1-0

[Event "La Fere op 7th"]
[Site "La Fere"]
[Date "2008.07.05"]
[Round "1"]
[White "Marzolo, Cyril"]
[Black "Mulder, Bart Piet"]
[Result "1-0"]
[WhiteElo "2487"]
[BlackElo "2219"]
[PlyCount "77"]
[EventDate "2008.07.05"]
[EventType "swiss"]
[EventRounds "9"]
[EventCountry "FRA"]
[SourceTitle "CBM 125 Extra"]
[Source "ChessBase"]
[SourceDate "2008.09.01"]
[SourceVersion "1"]
[SourceVersionDate "2008.09.01"]
[SourceQuality "1"]

1. d4 d5 2. c4 dxc4 3. Nf3 Nf6 4. e3 Bg4 5. Bxc4 e6 6. h3 Bh5 7. Nc3 a6 8. g4 Bg6 9. Ne5 Nbd7 10. Nxg6 hxg6 11. Qf3 Rb8 12. Bd2 c5 13. Bb3 cxd4 14. exd4 Nb6 15. 0-0-0 Be7 16. Kb1 Qd7 17. h4 Qc6 18. Qe2 Nbd5 19. Nxd5 Nxd5 20. g5 Qd6 21. Qf3 Rc8 22. Rde1 Rd8 23. Rc1 Rb8 24. a3 Rh5 25. Qe4 Kf8 26. Bd1 Rh8 27. h5 gxh5 28. Bxh5 b5 29. Qf3 f5 30. Bg6 Rg8 31. Bh7 b4 32. Bxg8 Nc3+ 33. Bxc3 bxc3 34. Qxc3 Kxg8 35. g6 Bf6 36. Rhd1 Qd5 37. Rd3 Bg5 38. Rc2 Be7 39. Qc6 1-0